| 000 | 01201nac a22003251i 4500 | ||
|---|---|---|---|
| 003 | EG-ScBUE | ||
| 005 | 20230104121550.0 | ||
| 008 | 230104t1989 nyua f b 000 0ceng d | ||
| 020 | _a1555950272 (alk. paper) : | ||
| 040 |
_aEG-ScBUE _beng _erda _cEG-ScBUE _dEG-ScBUE |
||
| 043 | _an-us--- | ||
| 082 | 0 | 4 |
_a741.092273 _bWAG _222 |
| 100 | 1 |
_aWagner, Judy K. Collischan van, _eauthor. |
|
| 245 | 1 | 0 |
_aLines of vision : _bdrawings by contemporary women / _cJudy Kay Collischan van Wagner ; foreword by Thomas W. Leavitt ; introduction by Judith Wilson. |
| 250 | _aFirst edition. | ||
| 264 | 1 |
_aNew York : _bHudson Hills Press : _c[1989] |
|
| 264 | 4 | _cc1989 | |
| 300 |
_a174 pages : _billustrations (some color) ; _c31 cm |
||
| 336 |
_2rdacontent _atext _btxt |
||
| 337 |
_2rdamedia _aunmediated _bn |
||
| 338 |
_2rdacarrier _avolume _bnc |
||
| 504 | _aIncludes bibliographical references. | ||
| 650 | 7 |
_aDrawing, American _y20th century. _2BUEsh |
|
| 650 | 7 |
_aWomen artists _zUnited States _vBiography. _2BUEsh |
|
| 653 | _bART | ||
| 655 | _vReading book | ||
| 700 | 1 |
_aLeavitt, Thomas W., _eauthor of introduction, etc. |
|
| 700 | 1 |
_aWilson, Judith, _eauthor of introduction, etc. |
|
| 942 |
_cBB _2ddc |
||
| 999 |
_c6800 _d6800 |
||